000 00305nam a22001337a 4500
008 181221b xxu||||| |||| 00| 0 eng d
020 _a9780683074963
041 _aeng
080 _a616.8
100 _a7
101 _aNEU
245 _aNeurobiology of Brain Tumors
_cSalcman,M
942 _2udc
_cBK
999 _c53638
_d53638